| 000 | 01983nam a2200361 a 4500 | ||
|---|---|---|---|
| 001 | BRCA_2437 | ||
| 005 | 20190320203817.0 | ||
| 008 | 141108s1797----mx-a---###---#000-0dspa-# | ||
| 041 | _aspa | ||
| 044 | _asp | ||
| 084 |
_a077 _b.S264 _c1797 |
||
| 100 | 1 |
_aCervantes Saavedra, Miguel de _d1547-1616 _9213 |
|
| 245 | 1 | 0 |
_aEl Ingenioso Hidalgo Don Quixote de la Mancha _ccompuesto por Miguel de Cervantes Saavedra. |
| 260 |
_aMadrid _bGabriel Sancha _c1797 |
||
| 300 |
_a5 v. _bil. _c20 cm. _e1 mapa |
||
| 500 | _aContenido : v 1. Primera parte. Notas al título de la obra. Discurso preliminar. Vida de Cervantes y algunos documentos sobre la vida de Cervantes por Pellicer. Dedicatoria y prólogo del autor. Versos preliminares. -- v 2. Texto. -- v 3. Texto. -- v 4. Segunda parte. Dedicatoria y prólogo de Cervantes. Texto. -- v 5. Mapa de los viajes de D. Quijote. Texto | ||
| 500 | _aEdición : Nueva edición corregida denuevo, con nuevas notas, con nuevas estampas, con nuevo análisis, y con la vida del autor nuevamente aumentada por J. Antonio Pellicer | ||
| 500 | _aEdición enteramente igual al LO-076. Ejemplar bien conservado; piel, planos orlados, lomeras adornadas con florones y filetes dorados Lúdovik Osterc | ||
| 500 | _aCon ex-libris de: E.R. Langworthy | ||
| 500 | _aIncluye índice : De las cosas notables | ||
| 500 | _aQM58A | ||
| 650 | 1 | 4 |
_aNovela española _yÉpoca clásica, 1500-1700 _9215 |
| 650 | 1 | 4 |
_aLiteratura española _yÉpoca clásica, 1500-1700 _9216 |
| 650 | 1 | 4 |
_aNovela española _ySiglo XVII _9217 |
| 650 | 1 | 4 |
_aDon Quijote (Personaje ficticio) _eNovela _9218 |
| 700 | 1 |
_aPellicer y Pilares, Juan Antonio _d1738-1806 _eBiógrafo _97124 |
|
| 700 | 1 |
_aJimeno, José Antonio _d1757-1807 _eIlustrador _97125 |
|
| 700 | 1 |
_aCamarón Boronat, José _d1730-1803 _eIlustrador _97126 |
|
| 700 | 1 |
_aParet y Alcázar, Luis _d1746-1799 _eIlustrador _97127 |
|
| 740 | 0 | _aEl Ingenioso Hidalgo Don Quijote de la Mancha | |
| 902 | _aQFM | ||
| 942 |
_2lcc _cB |
||
| 999 |
_c2178 _d2178 |
||